| 000 | 00567nam a2200157Ia 4500 | ||
|---|---|---|---|
| 008 | 220217s9999 xx 000 0 und d | ||
| 100 | _aDivya S. Remanan | ||
| 245 | 0 | _aInduction and development of somatic embryos from two high yielding clones of rubber tree (Hevea brasiliensis Muell. Arg.) | |
| 260 |
_bMahatma Gandhi University _a Kottayam _c2007 |
||
| 300 | _a51 | ||
| 500 | _aAvailable at Biotechnology | ||
| 500 | _aCourse: M.Sc. | ||
| 700 | _aDr S Sushamakumari | ||
| 850 | _aSchool of Biosciences, Mahatma Gandhi University, Kottayam, India | ||
| 942 | _cTS | ||
| 999 |
_c74423 _d74423 |
||